Radical political economy : (Record no. 126590)

MARC details
000 -LEADER
fixed length control field 00722nam a22002417a 4500
005 - DATE AND TIME OF LATEST TRANSACTION
control field 20170124110012.0
010 ## - LIBRARY OF CONGRESS CONTROL NUMBER
LC control number B-127281
020 ## - INTERNATIONAL STANDARD BOOK NUMBER
Terms of availability 95.00
International Standard Book Number 9788120325722
035 ## - SYSTEM CONTROL NUMBER
System control number B-127281
037 ## - SOURCE OF ACQUISITION
Source of stock number/acquisition Cen Lib/ Ret
040 ## - CATALOGING SOURCE
Original cataloging agency DPL
Language of cataloging EN
082 ## - DEWEY DECIMAL CLASSIFICATION NUMBER
Classification number 335.437
Item number BAR
100 ## - MAIN ENTRY--PERSONAL NAME
Personal name Barone,Charles A.
9 (RLIN) 17918
245 ## - TITLE STATEMENT
Title Radical political economy :
Statement of responsibility, etc by Charles A.Barone
Remainder of title a concise introduction /
260 ## - PUBLICATION, DISTRIBUTION, ETC. (IMPRINT)
Place of publication, distribution, etc New Delhi
Name of publisher, distributor, etc Prentice Hall of India
Date of publication, distribution, etc 2004
270 ## - ADDRESS
Address M-7,Connaught Circus
City New Delhi
Postal code 110001
300 ## - PHYSICAL DESCRIPTION
Extent xi,176p.
Dimensions 20cm(pbk)
500 ## - GENERAL NOTE
General note Includes index
650 ## - SUBJECT ADDED ENTRY--TOPICAL TERM
Topical term or geographic name as entry element Economics
9 (RLIN) 17919
650 ## - SUBJECT ADDED ENTRY--TOPICAL TERM
Topical term or geographic name as entry element Radical economics
9 (RLIN) 17920
700 ## - ADDED ENTRY--PERSONAL NAME
9 (RLIN) 17866
942 ## - ADDED ENTRY ELEMENTS (KOHA)
Source of classification or shelving scheme Dewey Decimal Classification
Koha item type English Books
Classification part 335.437
Call number suffix BAR
Holdings
Withdrawn status Lost status Damaged status Not for loan Home library Current library Date acquired Source of acquisition Cost, normal purchase price Total Checkouts Full call number Barcode Date last seen Copy number Cost, replacement price Price effective from Koha item type
        Central Library Central Library 25/06/2015 Cen Lib/Ret 95.00   335.437 BAR B-127281 25/06/2015 1 95.00 25/06/2015 English Books

© Delhi Public Library
Hit Counter
free hit counter